000 00311nam a2200109Ia 4500
008 171211s9999 xx 000 0 und d
245 _aJapanese Swords: Cultural Icons of a Nation
245 _cColin M. Roach
260 _c2010
650 _xMartial Arts
856 _uhttp://down.ebook777.com/055/4805310359.pdf
999 _c348231
_d348231